<?xml version="1.0" encoding="UTF-8"?>
<collection xmlns:xsi="http://www.w3.org/2001/XMLSchema-instance" xsi:schemaLocation="http://www.loc.gov/MARC21/slim http://www.loc.gov/standards/marcxml/schema/MARC21slim.xsd" xmlns="http://www.loc.gov/MARC21/slim">
 <record>
  <leader>00000ctm a22000003a 4500</leader>
  <controlfield tag="001">UP-8027390931313977814</controlfield>
  <controlfield tag="003">Buklod</controlfield>
  <controlfield tag="005">20170314094334.0</controlfield>
  <controlfield tag="006">m    |o  d |      </controlfield>
  <controlfield tag="007">ta</controlfield>
  <controlfield tag="008">170314s        xx     d     r    |||| u|</controlfield>
  <datafield tag="035" ind1=" " ind2=" ">
   <subfield code="a">(iLib)UPVIS-00045642608</subfield>
  </datafield>
  <datafield tag="037" ind1=" " ind2=" ">
   <subfield code="a">Gift</subfield>
  </datafield>
  <datafield tag="040" ind1=" " ind2=" ">
   <subfield code="a">VML/ess 3.14.17</subfield>
  </datafield>
  <datafield tag="041" ind1=" " ind2=" ">
   <subfield code="a">eng</subfield>
  </datafield>
  <datafield tag="090" ind1=" " ind2="0">
   <subfield code="a">LG 993.5 2013 E2 A26</subfield>
  </datafield>
  <datafield tag="100" ind1="0" ind2=" ">
   <subfield code="a">Acosta, Mabelle Esconde</subfield>
  </datafield>
  <datafield tag="245" ind1="0" ind2="0">
   <subfield code="a">Socio-economic conditions and LGU responses to urbanization of the Municipalities of Leganes, Oton, Pavia, and San Miguel before and after the formation of Metro Iloilo-Guimaras Economic Development Council (MIGEDC)</subfield>
   <subfield code="c">Mabelle E. Acosta and Wina Irah D. Basister.</subfield>
  </datafield>
  <datafield tag="264" ind1=" " ind2="1">
   <subfield code="a">2013.</subfield>
  </datafield>
  <datafield tag="300" ind1=" " ind2=" ">
   <subfield code="a">xi, 95 leaves</subfield>
   <subfield code="c">computer print-out</subfield>
  </datafield>
  <datafield tag="336" ind1=" " ind2=" ">
   <subfield code="a">text</subfield>
   <subfield code="2">rdacontent</subfield>
  </datafield>
  <datafield tag="337" ind1=" " ind2=" ">
   <subfield code="a">unmediated</subfield>
   <subfield code="2">rdamedia</subfield>
  </datafield>
  <datafield tag="338" ind1=" " ind2=" ">
   <subfield code="a">volume</subfield>
   <subfield code="2">rdacarrier</subfield>
  </datafield>
  <datafield tag="500" ind1=" " ind2=" ">
   <subfield code="a">Research Paper (Undergraduate, Bachelor of Science in Economics) College of Arts and Sciences,  University of the Philippines Visayas, Miagao, Iloilo.</subfield>
  </datafield>
  <datafield tag="520" ind1=" " ind2=" ">
   <subfield code="a">Urbanization is a process which promotes economic growth and development.  On the other hand, it has its corresponding externalities spilled over from the urban areas to the adjacent locales.  One of the management strategies used by the local government units (LGUs) in order to address the overwhelming consequences of urbanization is alliance formation.  Limited studies were conducted to establish socio-economic contributions of urbanization to the suburban areas.  This study aims to describe and compare the socio-economic condition and LGU responses to urbanization of the municipalities of Oton, Leganes, Pavia, and San Miguel before and after formation of Metro Iloilo-Guimaras Economic Development Council (MIGEDC).  The result of the study showed that there is a need for greater collaboration in various areas such as: land use management in accordance to each municipality's special functional role; water and energy management to foster economies of scale; health services since rthe pressing problem of air pollution excludes no one; public safety services to establish a functional disaster and crime prevention system; environmental management for sustainable development; infrastructure services for complementary plans and projects; and investment opportunity promotions.  Communication and education services need not be further integrated when it comes to managing the externalities of urbanization in Iloilo City.</subfield>
  </datafield>
  <datafield tag="650" ind1="1" ind2="0">
   <subfield code="a">Urbanization</subfield>
   <subfield code="x">Economic Condition</subfield>
   <subfield code="z">Leganes.</subfield>
  </datafield>
  <datafield tag="650" ind1=" " ind2="0">
   <subfield code="a">Urbanization</subfield>
   <subfield code="x">Economic Condition</subfield>
   <subfield code="z">Oton.</subfield>
  </datafield>
  <datafield tag="650" ind1=" " ind2="0">
   <subfield code="a">Urbanization</subfield>
   <subfield code="x">Economic Condition</subfield>
   <subfield code="z">Pavia.</subfield>
  </datafield>
  <datafield tag="650" ind1=" " ind2="0">
   <subfield code="a">Urbanization</subfield>
   <subfield code="x">Economic Condition</subfield>
   <subfield code="z">San Miguel.</subfield>
  </datafield>
  <datafield tag="650" ind1=" " ind2="0">
   <subfield code="a">Metro-Iloilo-Guimaras Economic Development Council (MIGEDC)</subfield>
  </datafield>
  <datafield tag="700" ind1="0" ind2=" ">
   <subfield code="a">Basister, Wina Irah.</subfield>
  </datafield>
  <datafield tag="720" ind1=" " ind2=" ">
   <subfield code="a">Mediodia, Hanny John P.</subfield>
  </datafield>
  <datafield tag="905" ind1=" " ind2=" ">
   <subfield code="a">FI</subfield>
  </datafield>
  <datafield tag="852" ind1="0" ind2=" ">
   <subfield code="a">UPVIS</subfield>
   <subfield code="b">UPV-ML</subfield>
   <subfield code="h">LG 993.5 2013 E2 A26</subfield>
  </datafield>
  <datafield tag="852" ind1="0" ind2=" ">
   <subfield code="a">UPVIS</subfield>
   <subfield code="b">UPV-ML</subfield>
   <subfield code="h">LG 993.5 2013 E21 A26</subfield>
  </datafield>
  <datafield tag="942" ind1=" " ind2=" ">
   <subfield code="a">Thesis</subfield>
  </datafield>
 </record>
</collection>
